[Event "LOTTO Polish Championship"]
[Site "chess24.com"]
[Date "2019.05.19"]
[Round "9"]
[White "Bartel, Mateusz"]
[Black "Piorun, Kacper"]
[Result "1/2-1/2"]
[Board "1"]
[WhiteElo "2598"]
[WhiteTitle "GM"]
[WhiteCountry "POL"]
[WhiteFideId "1112635"]
[WhiteEloChange "1"]
[BlackElo "2657"]
[BlackTitle "GM"]
[BlackCountry "POL"]
[BlackFideId "1130420"]
[BlackEloChange "-1"]

1. e4 {[%clk 1:30:56]} c5 {[%clk 1:30:48]} 2. Nf3 {[%clk 1:31:17]} Nc6 {[%clk
1:31:10]} 3. Bb5 {[%clk 1:31:40]} d6 {[%clk 1:31:31]} 4. O-O {[%clk 1:31:06]} Bd7
{[%clk 1:31:29]} 5. Re1 {[%clk 1:30:28]} Nf6 {[%clk 1:31:45]} 6. c3 {[%clk
1:30:51]} a6 {[%clk 1:32:11]} 7. Ba4 {[%clk 1:31:18]} b5 {[%clk 1:24:21]} 8. Bc2
{[%clk 1:31:29]} e5 {[%clk 1:23:10]} 9. h3 {[%clk 1:24:12]} Be7 {[%clk 1:22:46]}
10. d4 {[%clk 1:24:35]} O-O {[%clk 1:21:36]} 11. d5 {[%clk 1:21:55]} Na5 {[%clk
1:21:35]} 12. Nxe5 {[%clk 1:16:23]} dxe5 {[%clk 1:21:59]} 13. d6 {[%clk 1:16:49]}
Nc6 {[%clk 1:16:09]} 14. Be3 {[%clk 1:13:11]} Re8 {[%clk 1:10:41]} 15. dxe7
{[%clk 1:13:17]} Qxe7 {[%clk 1:11:10]} 16. Nd2 {[%clk 1:09:07]} Rad8 {[%clk
1:06:13]} 17. Qe2 {[%clk 1:07:26]} Be6 {[%clk 1:05:15]} 18. a4 {[%clk 1:05:26]}
c4 {[%clk 1:02:39]} 19. axb5 {[%clk 1:00:37]} axb5 {[%clk 1:03:06]} 20. Ra6
{[%clk 0:57:14]} Qd6 {[%clk 0:56:43]} 21. Rea1 {[%clk 0:55:27]} Nd7 {[%clk
0:55:05]} 22. b4 {[%clk 0:54:29]} cxb3 {[%clk 0:46:38]} 23. Nxb3 {[%clk 0:52:51]}
Bc4 {[%clk 0:42:39]} 24. Qd1 {[%clk 0:50:40]} Qc7 {[%clk 0:42:49]} 25. Nd2 {[%clk
0:50:18]} Be6 {[%clk 0:43:14]} 26. Bb3 {[%clk 0:42:50]} Qb7 {[%clk 0:19:42]} 27.
Qb1 {[%clk 0:37:00]} Bxb3 {[%clk 0:17:00]} 28. Qxb3 {[%clk 0:36:17]} Re6 {[%clk
0:17:27]} 29. Qa2 {[%clk 0:32:17]} Rb8 {[%clk 0:17:20]} 30. Nb3 {[%clk 0:29:43]}
h6 {[%clk 0:15:53]} 31. Nc5 {[%clk 0:22:50]} Nxc5 {[%clk 0:16:19]} 32. Bxc5
{[%clk 0:23:16]} Qd7 {[%clk 0:10:25]} 33. Qd5 {[%clk 0:22:52]} Qe8 {[%clk
0:10:26]} 34. Qb3 {[%clk 0:17:49]} Qd8 {[%clk 0:08:49]} 35. Rd1 {[%clk 0:09:04]}
Qf6 {[%clk 0:06:54]} 36. Rb6 {[%clk 0:06:47]} Rxb6 {[%clk 0:06:50]} 37. Bxb6
{[%clk 0:07:15]} Qf4 {[%clk 0:06:59]} 38. Qc2 {[%clk 0:02:28]} Rg6 {[%clk
0:03:51]} 39. Qe2 {[%clk 0:02:55]} b4 {[%clk 0:03:27]} 40. cxb4 {[%clk 0:31:39]}
Nxb4 {[%clk 0:33:52]} 41. g3 {[%clk 0:31:25]} Nc6 {[%clk 0:32:20]} 42. Bc5 {[%clk
0:25:15]} Qg5 {[%clk 0:31:45]} 43. Kh2 {[%clk 0:23:44]} Re6 {[%clk 0:31:14]} 44.
Rd5 {[%clk 0:23:30]} Qf6 {[%clk 0:30:30]} 45. Kg2 {[%clk 0:23:42]} Qg6 {[%clk
0:27:37]} 46. Rd7 {[%clk 0:21:58]} Qf6 {[%clk 0:19:37]} 47. Qd3 {[%clk 0:21:09]}
h5 {[%clk 0:13:42]} 48. h4 {[%clk 0:20:43]} g5 {[%clk 0:12:33]} 49. Qa6 {[%clk
0:15:18]} gxh4 {[%clk 0:07:58]} 50. Qc8+ {[%clk 0:15:26]} Kh7 {[%clk 0:08:04]}
51. Qf8 {[%clk 0:13:44]} Kg6 {[%clk 0:08:28]} 52. f4 {[%clk 0:08:23]} exf4 {[%clk
0:08:18]} 53. gxf4 {[%clk 0:08:35]} h3+ {[%clk 0:06:08]} 54. Kxh3 {[%clk
0:07:55]} Qc3+ {[%clk 0:06:37]} 55. Kg2 {[%clk 0:07:22]} Qc2+ {[%clk 0:07:06]}
56. Kh3 {[%clk 0:04:19]} Qc3+ {[%clk 0:07:31]} 57. Kg2 {[%clk 0:04:16]} Qc2+
{[%clk 0:07:57]} 58. Kh3 {[%clk 0:04:33]} 1/2-1/2

[Event "LOTTO Polish Championship"]
[Site "chess24.com"]
[Date "2019.05.19"]
[Round "9"]
[White "Janik, Igor"]
[Black "Socko, Bartosz"]
[Result "1/2-1/2"]
[Board "2"]
[WhiteElo "2469"]
[WhiteTitle "IM"]
[WhiteCountry "POL"]
[WhiteFideId "1159259"]
[WhiteEloChange "2"]
[BlackElo "2627"]
[BlackTitle "GM"]
[BlackCountry "POL"]
[BlackFideId "1107038"]
[BlackEloChange "-2"]

1. e4 {[%clk 1:30:58]} e6 {[%clk 1:30:53]} 2. d4 {[%clk 1:31:18]} d5 {[%clk
1:31:17]} 3. Nd2 {[%clk 1:31:36]} Be7 {[%clk 1:31:41]} 4. e5 {[%clk 1:31:54]} c5
{[%clk 1:31:59]} 5. c3 {[%clk 1:32:15]} Nc6 {[%clk 1:31:31]} 6. Bd3 {[%clk
1:32:36]} Qb6 {[%clk 1:25:04]} 7. Ndf3 {[%clk 1:32:49]} Bd7 {[%clk 1:24:10]} 8.
Ne2 {[%clk 1:33:06]} f6 {[%clk 1:23:29]} 9. O-O {[%clk 1:29:53]} fxe5 {[%clk
1:19:53]} 10. dxe5 {[%clk 1:30:13]} Nh6 {[%clk 1:17:47]} 11. Bxh6 {[%clk
1:26:55]} gxh6 {[%clk 1:18:04]} 12. Qd2 {[%clk 1:27:04]} O-O-O {[%clk 1:17:20]}
13. Qxh6 {[%clk 1:19:22]} c4 {[%clk 1:12:20]} 14. Bc2 {[%clk 1:19:39]} Qxb2
{[%clk 1:12:03]} 15. Rfc1 {[%clk 1:18:50]} Rdf8 {[%clk 1:06:06]} 16. Nf4 {[%clk
1:13:29]} Ba3 {[%clk 0:59:11]} 17. Ba4 {[%clk 1:06:13]} Qxc1+ {[%clk 0:46:06]}
18. Rxc1 {[%clk 1:06:34]} Bxc1 {[%clk 0:46:31]} 19. g3 {[%clk 1:05:13]} Bxf4
{[%clk 0:41:54]} 20. gxf4 {[%clk 1:05:27]} Rf7 {[%clk 0:31:59]} 21. Bxc6 {[%clk
0:57:27]} bxc6 {[%clk 0:32:11]} 22. Nd4 {[%clk 0:52:16]} Rg8+ {[%clk 0:29:18]}
23. Kf1 {[%clk 0:52:42]} Rg6 {[%clk 0:26:44]} 24. Qh5 {[%clk 0:51:10]} Rfg7
{[%clk 0:21:20]} 25. Ke2 {[%clk 0:50:29]} c5 {[%clk 0:20:36]} 26. Nf3 {[%clk
0:48:14]} Rg4 {[%clk 0:19:10]} 27. Ke3 {[%clk 0:48:16]} Bc6 {[%clk 0:18:58]} 28.
h3 {[%clk 0:43:45]} Rg2 {[%clk 0:18:50]} 29. f5 {[%clk 0:43:25]} d4+ {[%clk
0:18:38]} 30. cxd4 {[%clk 0:43:01]} c3 {[%clk 0:19:04]} 31. Qh6 {[%clk 0:41:06]}
Bd5 {[%clk 0:14:08]} 32. Ne1 {[%clk 0:33:32]} Rg1 {[%clk 0:12:17]} 33. Nc2 {[%clk
0:33:41]} cxd4+ {[%clk 0:10:03]} 34. Nxd4 {[%clk 0:32:36]} Re1+ {[%clk 0:09:59]}
35. Kd3 {[%clk 0:32:50]} Rc7 {[%clk 0:08:40]} 36. Qf8+ {[%clk 0:30:42]} Kb7
{[%clk 0:09:05]} 37. Qb4+ {[%clk 0:29:24]} Kc8 {[%clk 0:09:30]} 38. Qf8+ {[%clk
0:27:37]} 1/2-1/2

[Event "LOTTO Polish Championship"]
[Site "chess24.com"]
[Date "2019.05.19"]
[Round "9"]
[White "Tomczak, Jacek"]
[Black "Gumularz, Szymon"]
[Result "1/2-1/2"]
[Board "3"]
[WhiteElo "2631"]
[WhiteTitle "GM"]
[WhiteCountry "POL"]
[WhiteFideId "1124668"]
[WhiteEloChange "-2"]
[BlackElo "2483"]
[BlackTitle "IM"]
[BlackCountry "POL"]
[BlackFideId "1188062"]
[BlackEloChange "2"]

1. e4 {[%clk 1:30:57]} c6 {[%clk 1:30:55]} 2. d4 {[%clk 1:31:17]} d5 {[%clk
1:31:21]} 3. e5 {[%clk 1:31:37]} Bf5 {[%clk 1:31:46]} 4. Be3 {[%clk 1:31:52]} e6
{[%clk 1:31:30]} 5. Nd2 {[%clk 1:32:01]} Nd7 {[%clk 1:28:48]} 6. Ngf3 {[%clk
1:32:01]} h6 {[%clk 1:19:31]} 7. Be2 {[%clk 1:32:00]} Ne7 {[%clk 1:19:34]} 8. O-O
{[%clk 1:32:08]} Bh7 {[%clk 1:19:59]} 9. Nb3 {[%clk 1:32:19]} Nf5 {[%clk
1:17:38]} 10. Bd2 {[%clk 1:29:32]} Be7 {[%clk 1:16:37]} 11. g4 {[%clk 1:29:24]}
Nh4 {[%clk 1:16:44]} 12. Nxh4 {[%clk 1:29:49]} Bxh4 {[%clk 1:17:09]} 13. f4
{[%clk 1:30:15]} f5 {[%clk 1:07:54]} 14. Bd3 {[%clk 1:19:07]} O-O {[%clk
1:06:48]} 15. h3 {[%clk 1:18:50]} Be7 {[%clk 1:02:07]} 16. Qe2 {[%clk 1:01:55]}
Rc8 {[%clk 0:54:42]} 17. c4 {[%clk 0:53:59]} Kh8 {[%clk 0:46:39]} 18. cxd5 {[%clk
0:45:18]} cxd5 {[%clk 0:46:59]} 19. Rf2 {[%clk 0:44:53]} Nb6 {[%clk 0:42:20]} 20.
Rg2 {[%clk 0:32:00]} Nc4 {[%clk 0:39:28]} 21. g5 {[%clk 0:31:34]} Qe8 {[%clk
0:28:53]} 22. Rc1 {[%clk 0:25:00]} hxg5 {[%clk 0:17:08]} 23. fxg5 {[%clk
0:24:40]} Bg6 {[%clk 0:17:32]} 24. Bf4 {[%clk 0:21:38]} b6 {[%clk 0:12:02]} 25.
Na1 {[%clk 0:19:52]} Bh5 {[%clk 0:09:44]} 26. Qf1 {[%clk 0:19:17]} g6 {[%clk
0:08:01]} 27. Rgc2 {[%clk 0:17:18]} Qd7 {[%clk 0:08:20]} 28. Kf2 {[%clk 0:15:20]}
Kg7 {[%clk 0:07:10]} 29. Kg3 {[%clk 0:14:41]} a5 {[%clk 0:06:01]} 30. a4 {[%clk
0:13:00]} Bb4 {[%clk 0:03:18]} 31. Kg2 {[%clk 0:11:35]} Qxa4 {[%clk 0:01:10]} 32.
b3 {[%clk 0:11:31]} Qc6 {[%clk 0:01:33]} 33. bxc4 {[%clk 0:06:00]} dxc4+ {[%clk
0:02:01]} 34. Kg3 {[%clk 0:06:26]} b5 {[%clk 0:02:24]} 35. Qf2 {[%clk 0:06:00]}
Rfd8 {[%clk 0:01:23]} 36. Be2 {[%clk 0:03:54]} Bxe2 {[%clk 0:01:35]} 37. Rxe2
{[%clk 0:04:21]} Ba3 {[%clk 0:01:09]} 38. Rd1 {[%clk 0:04:11]} c3 {[%clk
0:01:23]} 39. Ra2 {[%clk 0:02:44]} Bb2 {[%clk 0:00:57]} 40. Rxa5 {[%clk 0:31:58]}
c2 {[%clk 0:31:00]} 41. Nxc2 {[%clk 0:17:41]} 1/2-1/2

[Event "LOTTO Polish Championship"]
[Site "chess24.com"]
[Date "2019.05.19"]
[Round "9"]
[White "Heberla, Bartlomiej"]
[Black "Gajewski, Grzegorz"]
[Result "0-1"]
[Board "4"]
[WhiteElo "2556"]
[WhiteTitle "GM"]
[WhiteCountry "POL"]
[WhiteFideId "1115120"]
[WhiteEloChange "-4"]
[BlackElo "2613"]
[BlackTitle "GM"]
[BlackCountry "POL"]
[BlackFideId "1116207"]
[BlackEloChange "4"]

1. e4 {[%clk 1:30:59]} e5 {[%clk 1:30:52]} 2. Nf3 {[%clk 1:30:53]} Nc6 {[%clk
1:31:17]} 3. Bc4 {[%clk 1:30:56]} Bc5 {[%clk 1:31:41]} 4. d3 {[%clk 1:31:19]} Nf6
{[%clk 1:31:25]} 5. Nc3 {[%clk 1:31:44]} h6 {[%clk 1:31:15]} 6. Be3 {[%clk
1:30:33]} Bxe3 {[%clk 1:24:19]} 7. fxe3 {[%clk 1:29:06]} d6 {[%clk 1:24:43]} 8.
O-O {[%clk 1:27:29]} Na5 {[%clk 1:19:49]} 9. Bb3 {[%clk 1:27:08]} O-O {[%clk
1:19:08]} 10. d4 {[%clk 1:15:44]} Qe7 {[%clk 1:06:03]} 11. dxe5 {[%clk 1:14:58]}
dxe5 {[%clk 1:05:34]} 12. Nd5 {[%clk 1:15:23]} Nxd5 {[%clk 1:05:57]} 13. Qxd5
{[%clk 1:15:48]} Nc6 {[%clk 1:03:44]} 14. Rad1 {[%clk 0:55:33]} Be6 {[%clk
1:02:48]} 15. Qd3 {[%clk 0:54:36]} Rad8 {[%clk 0:54:35]} 16. Qb5 {[%clk 0:42:54]}
Bxb3 {[%clk 0:50:28]} 17. cxb3 {[%clk 0:31:37]} Qb4 {[%clk 0:47:52]} 18. Qxb4
{[%clk 0:28:54]} Nxb4 {[%clk 0:48:02]} 19. Nxe5 {[%clk 0:28:57]} Rfe8 {[%clk
0:43:18]} 20. Rxd8 {[%clk 0:20:25]} Rxd8 {[%clk 0:43:46]} 21. a3 {[%clk 0:18:18]}
Re8 {[%clk 0:38:36]} 22. Nd7 {[%clk 0:15:16]} Nc6 {[%clk 0:34:03]} 23. Rc1 {[%clk
0:08:22]} Rxe4 {[%clk 0:33:24]} 24. Kf2 {[%clk 0:07:25]} Re7 {[%clk 0:33:31]} 25.
Nc5 {[%clk 0:07:51]} Ne5 {[%clk 0:33:56]} 26. Rd1 {[%clk 0:01:58]} b6 {[%clk
0:32:31]} 27. Na6 {[%clk 0:02:26]} Ng4+ {[%clk 0:32:30]} 28. Kf3 {[%clk 0:02:37]}
f5 {[%clk 0:31:47]} 29. h3 {[%clk 0:01:18]} Nxe3 {[%clk 0:30:22]} 30. Rd3 {[%clk
0:00:53]} Nc2 {[%clk 0:29:47]} 31. Rd2 {[%clk 0:01:09]} Ne1+ {[%clk 0:26:42]} 32.
Kf2 {[%clk 0:01:20]} c5 {[%clk 0:27:07]} 33. g3 {[%clk 0:00:45]} g5 {[%clk
0:27:19]} 34. Nb8 {[%clk 0:00:37]} f4 {[%clk 0:27:05]} 35. gxf4 {[%clk 0:00:53]}
gxf4 {[%clk 0:27:32]} 36. Nd7 {[%clk 0:00:40]} Re3 {[%clk 0:26:47]} 37. Nf6+
{[%clk 0:01:02]} Kf7 {[%clk 0:27:06]} 38. Ng4 {[%clk 0:01:27]} Re6 {[%clk
0:25:49]} 39. Rd1 {[%clk 0:00:42]} Nc2 {[%clk 0:25:00]} 40. Kf3 {[%clk 0:30:47]}
h5 {[%clk 0:54:27]} 41. Nf2 {[%clk 0:28:31]} Nd4+ {[%clk 0:52:12]} 42. Kxf4
{[%clk 0:28:27]} Rf6+ {[%clk 0:52:26]} 43. Kg3 {[%clk 0:28:50]} Rf3+ {[%clk
0:52:28]} 44. Kg2 {[%clk 0:29:16]} Rxb3 {[%clk 0:52:50]} 45. Nd3 {[%clk 0:22:00]}
Kf6 {[%clk 0:51:15]} 46. Rd2 {[%clk 0:22:19]} h4 {[%clk 0:49:41]} 47. Rf2+ {[%clk
0:19:59]} Ke6 {[%clk 0:47:10]} 48. Nf4+ {[%clk 0:19:23]} Kd6 {[%clk 0:47:38]} 49.
Kf1 {[%clk 0:16:46]} c4 {[%clk 0:36:47]} 50. Ke1 {[%clk 0:14:51]} c3 {[%clk
0:28:39]} 51. bxc3 {[%clk 0:14:59]} Rxc3 {[%clk 0:29:05]} 52. Rd2 {[%clk
0:15:07]} Ke5 {[%clk 0:26:06]} 53. Rd3 {[%clk 0:13:57]} Rxd3 {[%clk 0:25:20]} 54.
Nxd3+ {[%clk 0:14:25]} Ke4 {[%clk 0:25:48]} 55. Kd2 {[%clk 0:14:05]} Nf3+ {[%clk
0:23:54]} 56. Kc3 {[%clk 0:12:53]} Ng5 {[%clk 0:23:39]} 57. Ne1 {[%clk 0:13:21]}
Kf4 {[%clk 0:22:32]} 58. Ng2+ {[%clk 0:08:05]} Kg3 {[%clk 0:22:39]} 59. Ne3
{[%clk 0:08:29]} Kxh3 {[%clk 0:22:08]} 60. Kd4 {[%clk 0:08:55]} Kh2 {[%clk
0:20:57]} 61. Ke5 {[%clk 0:08:40]} h3 {[%clk 0:19:17]} 62. Kf4 {[%clk 0:08:54]}
Kg1 {[%clk 0:17:07]} 63. Ng4 {[%clk 0:09:07]} h2 {[%clk 0:17:13]} 64. Nxh2 {[%clk
0:09:32]} Kxh2 {[%clk 0:17:40]} 65. Kxg5 {[%clk 0:09:58]} Kg3 {[%clk 0:18:04]}
66. Kf5 {[%clk 0:10:11]} Kf3 {[%clk 0:18:32]} 67. Ke5 {[%clk 0:10:26]} Ke3 {[%clk
0:18:58]} 68. Kd5 {[%clk 0:10:48]} Kd3 {[%clk 0:19:23]} 69. Kc6 {[%clk 0:10:35]}
Kc4 {[%clk 0:19:48]} 70. Kb7 {[%clk 0:10:55]} a5 {[%clk 0:20:10]} 0-1

[Event "LOTTO Polish Championship"]
[Site "chess24.com"]
[Date "2019.05.19"]
[Round "9"]
[White "Sadzikowski, Daniel"]
[Black "Dragun, Kamil"]
[Result "1/2-1/2"]
[Board "5"]
[WhiteElo "2522"]
[WhiteTitle "GM"]
[WhiteCountry "POL"]
[WhiteFideId "1132253"]
[WhiteEloChange "1"]
[BlackElo "2591"]
[BlackTitle "GM"]
[BlackCountry "POL"]
[BlackFideId "1134167"]
[BlackEloChange "-1"]

1. e4 {[%clk 1:30:54]} c5 {[%clk 1:30:52]} 2. Nf3 {[%clk 1:31:18]} e6 {[%clk
1:31:14]} 3. d4 {[%clk 1:31:42]} cxd4 {[%clk 1:31:39]} 4. Nxd4 {[%clk 1:32:08]}
Nc6 {[%clk 1:32:01]} 5. Nc3 {[%clk 1:32:33]} Qc7 {[%clk 1:32:20]} 6. g3 {[%clk
1:32:58]} a6 {[%clk 1:31:37]} 7. Bg2 {[%clk 1:33:12]} Nf6 {[%clk 1:31:55]} 8. O-O
{[%clk 1:33:19]} Nxd4 {[%clk 1:32:10]} 9. Qxd4 {[%clk 1:33:44]} Bc5 {[%clk
1:32:28]} 10. Bf4 {[%clk 1:34:00]} d6 {[%clk 1:32:49]} 11. Qd2 {[%clk 1:33:20]}
h6 {[%clk 1:33:00]} 12. Rad1 {[%clk 1:33:42]} e5 {[%clk 1:33:15]} 13. Be3 {[%clk
1:34:07]} Be6 {[%clk 1:33:36]} 14. Bxc5 {[%clk 1:27:38]} dxc5 {[%clk 1:33:28]}
15. Nd5 {[%clk 1:28:02]} Bxd5 {[%clk 1:33:50]} 16. exd5 {[%clk 1:28:26]} Qd6
{[%clk 1:34:13]} 17. Rfe1 {[%clk 1:12:22]} O-O {[%clk 1:33:50]} 18. Re2 {[%clk
1:04:23]} Rae8 {[%clk 1:22:24]} 19. Rde1 {[%clk 1:02:47]} b5 {[%clk 1:19:41]} 20.
a4 {[%clk 0:57:13]} bxa4 {[%clk 1:05:26]} 21. Ra1 {[%clk 0:40:15]} Rb8 {[%clk
1:05:12]} 22. c3 {[%clk 0:40:11]} Rb5 {[%clk 1:03:49]} 23. Rxa4 {[%clk 0:39:12]}
Rfb8 {[%clk 1:01:52]} 24. h3 {[%clk 0:34:07]} a5 {[%clk 0:56:35]} 25. Qd3 {[%clk
0:22:12]} g6 {[%clk 0:44:47]} 26. Ra2 {[%clk 0:16:08]} Kg7 {[%clk 0:42:38]} 27.
Qc4 {[%clk 0:16:29]} Nd7 {[%clk 0:31:44]} 28. f4 {[%clk 0:09:03]} exf4 {[%clk
0:30:00]} 29. Qxf4 {[%clk 0:07:07]} Qxf4 {[%clk 0:28:39]} 30. gxf4 {[%clk
0:07:36]} c4 {[%clk 0:28:32]} 31. Rd2 {[%clk 0:06:07]} 1/2-1/2